|
|
|
|
| LEADER |
00000nam0a2200000 4500 |
| 001 |
675103 |
| 005 |
20241003091134.0 |
| 090 |
|
|
|a 675103
|
| 100 |
|
|
|a 20241002d1979 k||y0rusy50 ca
|
| 101 |
0 |
|
|a rus
|
| 102 |
|
|
|a RU
|
| 105 |
|
|
|a a z 001yy
|
| 181 |
|
0 |
|a i
|b e
|
| 182 |
|
0 |
|a n
|
| 183 |
|
0 |
|a nc
|2 RDAcarrier
|
| 200 |
1 |
|
|a Стохастические методы решения негладких экстремальных задач
|e монография
|f А. М. Гупал
|g Институт кибернетики АН Украинской ССР
|
| 203 |
|
|
|a Текст
|b визуальный
|c непосредственный
|
| 210 |
|
|
|a Киев
|c Наукова думка
|d 1979
|
| 215 |
|
|
|a 151 с.
|c ил.
|
| 283 |
|
|
|a volume
|2 RDAcarrier
|
| 320 |
|
|
|a Литературные указания: с. 143-144
|
| 320 |
|
|
|a Литература: с. 145-148
|
| 606 |
1 |
|
|a Функции
|x Минимизация
|9 42886
|
| 610 |
1 |
|
|a методы
|
| 610 |
1 |
|
|a условие Липшица
|
| 610 |
1 |
|
|a стохастические задачи с негладкими функциями
|
| 610 |
1 |
|
|a решение
|
| 610 |
1 |
|
|a стохастическое программирование
|
| 610 |
1 |
|
|a стохастические предельные экстремальные задачи
|
| 675 |
|
|
|a 517.27
|v 4
|
| 700 |
|
1 |
|a Гупал
|b А. М.
|g Анатолий Михайлович
|
| 712 |
0 |
2 |
|a Академия наук Украинской ССР
|b Институт кибернетики
|c (Киев)
|c (1962-1991)
|9 25095
|4 570
|
| 801 |
|
0 |
|a RU
|b 63413507
|c 20241003
|
| 830 |
|
|
|a Ретро2024Каталогизация Шило
|
| 850 |
|
|
|a 63413507
|
| 942 |
|
|
|c BK
|